000 00433nam a2200121Ia 4500
008 220620s9999||||xx |||||||||||||| ||und||
100 _aEmmanuel Brunet-Jailly
245 0 _aBorderlands : Comparing Border Security in North America and Europe
546 _aEnglish[eng]
650 _anational security||frontier||United States||Mexcio||European Union||human migration
856 _uhttp://books.openedition.org/uop/1585
942 _cEB
999 _c33042
_d33042